000 04357cgm a2200829Ma 4500
001 ocn898936226
003 OCoLC
005 20200320201416.0
007 vd cvairq
008 131213s2013 cau110 d vueng d
020 _c15.95
024 1 _a097363564140
035 _a(OCoLC)898936226
040 _aDEERP
_beng
_cDEERP
_dOCLCO
_dOCLCF
_dOCLCA
_dOCL
_dOCLCO
_dOCLCQ
_dOCLCO
_dWACOL
049 _aWACL
092 _aDVD
_bG.I.
245 0 0 _aG.I. Joe.
_bRetaliation /
_cParamount Pictures, Metro-Goldwyn-Mayer Pictures and Skydance Productions present, in association with Hasbro ; a di Bonaventura Pictures production ; produced by Lorenzo di Bonaventura, Brian Goldner ; written by Rhett Reese & Paul Wernick ; directed by Jon M. Chu. Director of photography, Stephen Windon ; edited by Roger Barton, Jim May ; music by Henry Jackman.
246 3 0 _aRetaliation
260 _aHollywood, Calif. :
_bParamount Pictures,
_c2013.
300 _a1 videodisc (110 min.) :
_bsound, color ;
_c4 3/4 in.
336 _atwo-dimensional moving image
337 _avideo
338 _avideodisc
500 _aBased on Hasbro's G.I. Joe characters.
500 _aVideodisc release of the 2013 motion picture.
511 0 _aJonathan Pryce, Byung-Hun Lee, Dwayne Johnson, Channing Tatum, Bruce Willis, Adrianne Palicki, Ray Stevenson.
520 _aAn elite military unit, comprised of special operatives known as G.I. Joe, has been set up to take the fall for a terrible crime they didn't commit. Now, Roadblock, Duke, and the others must once again face their mortal enemy, COBRA, as well as dangerous new threats operating within the government. When all else fails, one option remains: Retaliation.
521 _aAudience: MPAA rating: PG-13; for intense sequences of combat violence and martial arts action throughout, and for brief sensuality and language.
538 _aDVD, region 1; widescreen presentation; Dolby Digital 5.1.
546 _aEnglish; English, dubbed French or dubbed Spanish dialogue; optional Spanish, Portuguese, French or English subtitles; closed-captioned; English audio description.
650 0 _aSoldiers
_vDrama.
_95765342
650 0 _aCommando troops
_vDrama.
_95925101
650 0 _aG.I. Joe (Fictitious character)
_vDrama.
_95925102
650 0 _aHeroes
_vDrama.
_95708948
650 0 _aEnemies
_vDrama.
_95741551
650 0 _aFeature films.
_95925103
650 0 _aAction and adventure films.
_978765
650 0 _aScience fiction films.
_991086
650 7 _aAction and adventure films.
_2fast
_0(OCoLC)fst01721067
_978765
650 7 _aCommando troops.
_2fast
_0(OCoLC)fst00869242
_95925104
650 7 _aEnemies.
_2fast
_0(OCoLC)fst01735610
_95760990
650 7 _aFeature films.
_2fast
_0(OCoLC)fst00922105
_95925103
600 0 7 _aG.I. Joe
_c(Fictitious character)
_2fast
_0(OCoLC)fst01762442
_95925105
650 7 _aHeroes.
_2fast
_0(OCoLC)fst00955558
_95925106
650 7 _aScience fiction films.
_2fast
_0(OCoLC)fst01108616
_991086
650 7 _aSoldiers.
_2fast
_0(OCoLC)fst01125233
_95925107
650 7 _aVideo recordings for people with visual disabilities.
_2fast
_0(OCoLC)fst01166512
_9100347
650 7 _aVideo recordings for the hearing impaired.
_2fast
_0(OCoLC)fst01166513
_95925108
655 7 _aDrama.
_2fast
_0(OCoLC)fst01423879
_95673873
700 1 _aChu, Jon M.
_q(Jon Murray),
_d1979-
_95775193
700 1 _aDi Bonaventura, Lorenzo.
_956219
700 1 _aReese, Rhett.
_971301
700 1 _aWernick, Paul.
_95925109
700 1 _aWindon, Stephen F.
_971318
700 1 _aBarton, Roger.
_95925110
700 1 _aMay, Jim.
_95912329
700 1 _aJackman, Henry
_q(Henry Pryce)
_95710731
700 1 _aPryce, Jonathan.
_918760
700 1 _aYi, Pyŏng-hŏn,
_d1970-
_95925111
700 1 _aJohnson, Dwayne,
_d1972-
_95856300
700 1 _aWillis, Bruce,
_d1955-
_924916
700 1 _aTatum, Channing.
_972144
710 2 _aHasbro, Inc.
_934812
710 2 _aDi Bonaventura Pictures.
_95754442
710 2 _aParamount Pictures Corporation.
_97712
710 2 _aMetro-Goldwyn-Mayer Pictures.
_972991
710 2 _aSkydance Productions.
_961255
942 _cDVD
_034
948 _a11/07/2016
_zSirsi
994 _aC0
_bWACOL
996 _a135927
_b34301001366337
_cDVD
_dDVD
_ewcl
_fi
_g34
_h15.95
_lamazon
_mG.I.
_p11/07/2016
_q02/03/2020
_r01/30/2020
999 _c294887
_d294886